Statistics for Largest Cities by Climate Zones

Click here to take the quiz!

General Stats

  • This quiz has been taken 157 times
  • The average score is 7 of 12

Answer Stats

ClimateCity% Correct
Humid subtropicalTokyo
87%
Humid continentalNew York City
83%
Tropical wetJakarta
77%
MediterraneanLos Angeles
70%
Tropical wet and dryMumbai
65%
SemiaridDelhi
63%
HighlandMexico City
59%
MarineSao Paulo
53%
AridKarachi
40%
Ice capNuuk
37%
TundraMurmansk
36%
SubarcticIrkutsk
8%

Score Distribution

Percentile by Number Answered

Percent of People with Each Score

Your Score History

You have not taken this quiz